000 00185 a2200097 4500
020 _a9789992467176
041 _aspa
100 _aOrtega Reyes, Ovidio
245 _aMis Oidos
942 _cBK
999 _c4969
_d4969